| 000 | 00774 a2200205 4500 | ||
|---|---|---|---|
| 003 | Nust | ||
| 005 | 20221121114139.0 | ||
| 010 | _a566972 | ||
| 040 | _cNust | ||
| 082 | _a515.35,SNE | ||
| 100 |
_aIan Sneddon _9103254 |
||
| 245 |
_aElements of Partial Differential Equation / _c Sneddon,Ian N |
||
| 250 | _aStudent edition | ||
| 260 |
_aNew York _bMcGraw Hill _c1957 |
||
| 300 | _ax,327p | ||
| 505 | _aOrdinary Differential Equations In More Than Two Variables (Page-1), Partial Differential Equations Of The First Order (Page-44), Partial Differential Equations Of The Second Order (Page-88), Laplace Equation (Page-141), The Wave Equation (Page-209). | ||
| 600 |
_aIan N.Sneddon _920282 |
||
| 650 |
_aDifferential Equation _9103255 |
||
| 942 |
_2ddc _cBK _k515.35,SNE |
||
| 999 |
_c181857 _d181857 |
||